| 000 | 00325nam a22001217a 4500 | ||
|---|---|---|---|
| 008 | 170622b xxu||||| |||| 00| 0 eng d | ||
| 041 | _aeng | ||
| 080 | _a94 | ||
| 100 | _a20 | ||
| 101 | _aSHH | ||
| 245 |
_aVIETNAMESE COMMUNISTS RELATIONS WITH CHINA AND THE SECOND INDOCHINA CONFLICT _cGUAN.CH |
||
| 942 |
_2udc _cBK |
||
| 999 |
_c18597 _d18597 |
||